01233 2200205 4500001002100000005001500021035002000036008004100056245004000097100001700137250000600154260003800160300001200198084001400210082000800224650001000232520076100242990001201003990001201015INLIS00000000000094220240531102902 a0010-0524000177240531 1 ind 1 aPrincess Virgin Love /cLoryta Chai aChai, Loryta a1 aYogyakarta :bSheila/ Andi,c2012 a180 hlm a813 LOR p a813 4aFiksi aSena yang putus cinta dengan cinta pertamanya akhirnya memutuskan untuk tidak percaya lagi dengan namanya cinta, bahkan Sena jadi membenci cowok. Tapi suatu hari Sena diajak oleh bibinya untuk tinggal bersama dan tanpa sepengetahuannya di rumah itu telah tinggal tiga cowok tampan yaitu Kyou, seorang pelukis yang berasal dari Jepang dan Kay seorang model terkenal serta seorang biseksual, kemudian Austin seorang artis yang banyak dikagumi wanita. Selain tinggal satu atap, Sena juga harus satu kampus dengan mereka bertiga. Masalah tambah rumit ketika muncul Ryo, mantan pacar gay Kay dan Kay terpaksa menjawab tantangan Ryo untuk menjadikan Sena ada di peringkat pertama cewek top di kampus. Apakah itik buruk rupa berhasil berubah menjadi seekor angsa? a0741638 a0741639